000
00302nam a2200121Ia 4500
008
190216s9999||||xx |||||||||||||| ||und||
100
_a
Samuel S M Wong
245
0
_a
Introductory Nuclear Physics
260
_b
Prentice Hall Of India Pvt Ltd
_c
2002
300
_a
486p
650
_a
Physics
942
_c
BK
999
_c
34132
_d
34132